00700nam a2200229Ia 4500003000400000005001700004008004100021020001300062040000700075082001500082100002300097245006400120250000700184260003600191300002400227500001900251600003300270650001600303942001200319952012400331999001500455OSt20241010045451.0240925s9999 xx 000 0 und d a70990077 cdf a515.33 SPI aSpiegel, Murray R. 0aSchaum's Outline of Theory And Problems of Advance Calculus aNA aNew York:bMc Graw HIllc,1974. a296p.bNAfOriginal aIncludes Index aHumanities & Natural Science aMathematics cBK2ddc 001040708HUMaUITUbUITUd1997-08-06eUIT Friends of USA l0o515.33 SPIpQ0572r2024-09-25 07:12:08w2024-09-25yBK c3071d3071